| 000 | 00885nam a2200265 i 4500 | ||
|---|---|---|---|
| 001 | bg | ||
| 100 | 1 | _aHALVORSON, Michael | |
| 245 | 1 | 0 |
_aMicrosoft Visual Basic.NET / _cMichael Halvorson ; [tł. Piotr Kresak]. |
| 246 |
_iTyt. oryg.: _aMicrosoft Visual Basic.NET step by step |
||
| 260 |
_aWarszawa : _b"RM", _c2002. |
||
| 300 |
_aXXX, 616, [1] s. : _bil. ; _c24 cm + _eCD-ROM. |
||
| 500 | _aTyt. oryg.: "Microsoft Visual Basic.NET step by step" 2002. | ||
| 504 | _aIndeksy. | ||
| 650 | 9 | _aVisual Basic.NET | |
| 655 | _aPodręczniki | ||
| 700 | 1 |
_aKRESAK, Piotr. _eTł. |
|
| 020 | _a8372432716 | ||
| 040 | _cBPK | ||
| 041 | 1 |
_apol _heng |
|
| 080 | _a004.438(07)A/Z | ||
| 920 | _a83-7243-271-6 | ||
| 942 | _cKS | ||
| 008 | s pl f |000 0 pol | ||
| 999 |
_c44173 _d44173 |
||
| 856 |
_uhttp://koha.tu.koszalin.pl/cgi-bin/koha/opac-detail.pl?biblionumber=44173 _yKatalog online BPK |
||